Statistics for Premier League Quiz: Medium

Click here to take the quiz!

General Stats

  • This quiz has been taken 301 times
  • The average score is 9 of 15

Answer Stats

QuestionAnswer% Correct
How many teams have appeared in the League that begin with the letter 'T'?1
92%
How many teams have appeared in the League that begin with the letter 'Y'?0
90%
How many sponsors has it had?3
86%
Manchester United v Ipswich Town in 1995 still holds the record for the largest winning margin in the League, but what was the score?9-0
71%
Portsmouth were relegated from the League in 2010, but which league are the now in?League 2
71%
How many nations are represented by clubs in the League?2
70%
And who scored 5 goals in that game?Andy Cole
68%
Who won the last First Division (before it became the Premier League)?Leeds United
64%
What was the final score in the above game at Bramall Lane?*2-1
49%
Brian Deane scored the League's ever goal against Manchester United, but for who?Sheffield United
48%
Fly Emirates have sponsored 2 Premier League teams. Name them.Arsenal and Chelsea
41%
Which current Premier League team is the youngest?Swansea City
37%
Dimitar Berbatov also scored 5 goals in one game for Manchester United in 2010, but against who?Blackburn Rovers
37%
Richard Scudamore holds what position within the League?Chief Executive
32%
Which former Premier League referee received criticism after awarding Josep Šimunić 3 yellow cards in one game at the 2006 World Cup?Graham Poll
32%

Score Distribution

Percentile by Number Answered

Percent of People with Each Score

Your Score History

You have not taken this quiz